000 00905nac a22002531u 4500
010 _a011008050
020 _a0133885968
022 _a830110838X (Poland)
082 _a621.31242
_bCIS
090 _c7390
_d7390
100 _aCisak, A. (Andrzej),
245 _aHigh-energy non-aqueous batteries /
_c A. Cisak, L. Werblan ; translation editor, T.J. Kemp.
260 _a[New York] :
_bEllis Horwood, c.1993.
_cc.1993.
300 _a262p. ;
_b21cm.
500 _aTranslation with revisions of "Wysokoenergetyczne niewodne ogniwa galwaniczne" Warsaw, 1986
500 _aDistributer: Al-Ahram.
504 _aIncludes bibliographical references and index.
511 _aCatalogued By: Mahitab.
650 _aElectrolytic cells.
650 _aElectric batteries.
650 _aBatteries
700 _aWerblan, L. (Lidia),
_d1930-
942 _cBB
_k621.31242 CIS
999 _c7390
_d7390